Epidemiologické aspekty chlamýdiových infekcií u novorodencov a malých detí

Bibliographic Details
Main Authors: Várady, L. (Author), Čisláková, Lýdia, 1947- (Author)
Corporate Author: Epidemiologické dni (Author)
Format: Conference Proceeding Article
Language:Slovak
ISSN:1335-8219
Subjects:

MARC

LEADER 00000nab a2200000 a 4500
001 vtls001495619
003 SK-MaSNL
005 20260303073324.0
008 141122c2001 xo g 0 slo
015 |a SNBCL2005/2 
040 |a SLKCL  |b slo  |c SNKBUCL  |e AACR2 
041 |a slo 
044 |a xo  |c SK 
080 |a 616.98-036.22:579.84:061.3  |2 1981 
100 1 |a Várady, L.  |u Súkromné neonatologicko/pediatrické zariadenie, Košice  |4 aut  |9 862121 
245 1 0 |a Epidemiologické aspekty chlamýdiových infekcií u novorodencov a malých detí  |c L. Várady, L. Čisláková 
650 0 7 |a Chlamydia, infekcie  |x epidemiológia  |2 MESH  |9 1074523 
650 0 7 |a abstrakty z kongresu  |2 MESH  |9 168204 
700 1 |a Čisláková, Lýdia,  |d 1947-  |4 aut  |9 98134 
711 1 |a Epidemiologické dni  |n 8.  |c Bratislava, Slovensko  |d 2001  |4 aut  |9 1074722 
773 0 |t Správy klinickej mikrobiológie  |g Roč. 1, supl. B (2001), s. 43  |x 1335-8219 
850 |a Slovenská lekárska knižnica v Bratislave  |a BA006 
852 |a BA006  |b KIS3GCP  |b 000500000 
999 |c 1767321  |d 1769251